[Event "Tournoi Skype 029B"]
[Site "Skype"]
[Date "????.??.??"]
[Round "6.27"]
[White "Malbec, Robert"]
[Black "Mira Poveda, Jose Antonio"]
[Result "1-0"]
[WhiteElo "1214"]
[BlackElo "1021"]
[PlyCount "69"]

1. e4 e5 2. Nf3 Nf6 3. Nxe5 d6 4. Nf3 Nxe4 5. Qe2 Bf5 6. d3 Qe7 7. dxe4 Bxe4 8.
Nbd2 d5 9. c3 Nc6 10. Nxe4 dxe4 11. Nd2 O-O-O 12. Qxe4 Ne5 13. Be2 f5 14. Qxf5+
Kb8 15. O-O Qc5 16. Kh1 Bd6 17. Ne4 Qb6 18. Nxd6 Rhf8 19. Qxe5 Rxf2 20. Qd4
Rxf1+ 21. Bxf1 Rxd6 22. Qxb6 axb6 23. Bf4 Rf6 24. g3 Ka8 25. Rd1 Re6 26. Bxc7
Ka7 27. b3 Rc6 28. Be5 Rc5 29. Bd4 Rd5 30. c4 Ra5 31. a4 g6 32. Re1 Rf5 33. Kg2
h6 34. Re6 Ka6 35. Rxb6+ 1-0

[Event "Tournoi Skype 029B"]
[Site "Skype"]
[Date "????.??.??"]
[Round "6.28"]
[White "Bland, Marilyn"]
[Black "Barba Cepeda, Julio Cesar"]
[Result "1-0"]
[WhiteElo "1065"]
[BlackElo "1204"]
[PlyCount "81"]

1. d4 Nf6 2. Nf3 d5 3. e3 e6 4. c4 c5 5. Bd3 Be7 6. O-O O-O 7. Nc3 Nbd7 8. Bd2
cxd4 9. exd4 dxc4 10. Bxc4 Nb6 11. Bd3 Bd7 12. Bf4 Bc6 13. Qe2 Bd6 14. Bxd6
Qxd6 15. Bb5 Rae8 16. Qe5 Qxe5 17. dxe5 Bxb5 18. Nxb5 Ng4 19. Nxa7 Rd8 20. h3
Nh6 21. Nb5 Nf5 22. a4 h6 23. a5 Nc4 24. b3 Nd2 25. Rfd1 Nxf3+ 26. gxf3 Rc8 27.
Rac1 Ra8 28. b4 Rfe8 29. Nc7 Kf8 30. Nxa8 Rxa8 31. Rc7 g5 32. Rxb7 Kg7 33. Rdd7
Rf8 34. b5 Kg6 35. Rbc7 Ng7 36. Rc4 Ne8 37. b6 Ng7 38. b7 Rb8 39. Rb4 Kf5 40.
a6 Nh5 41. a7 1-0

[Event "Tournoi Skype 029B"]
[Site "Skype"]
[Date "????.??.??"]
[Round "6.29"]
[White "Milanese, Serge"]
[Black "Kumbhar, Ashok"]
[Result "0-1"]
[WhiteElo "1202"]
[BlackElo "1018"]
[PlyCount "67"]

1. d4 e6 2. Bf4 d5 3. e3 a6 4. Nf3 c5 5. c3 h6 6. h4 Nf6 7. Bd3 Nh5 8. Be5 Nc6
9. Bh2 Be7 10. Ne5 Nxe5 11. dxe5 Qb6 12. b3 g6 13. Bg1 Qd8 14. Be2 Ng7 15. g3
Nf5 16. h5 Qc7 17. Bh2 g5 18. g4 Ng7 19. Nd2 b6 20. Bf3 Bb7 21. a4 a5 22. Bg3
Rd8 23. Qe2 Qc8 24. O-O Ba6 25. c4 d4 26. exd4 Rxd4 27. Ne4 O-O 28. Nf6+ Kh8
29. Rfd1 Rfd8 30. Qc2 Bxf6 31. exf6 Ne8 32. Be5 Bb7 33. Bxd4 Bxf3 34. Rd3 0-1

[Event "Tournoi Skype 029B"]
[Site "Skype"]
[Date "????.??.??"]
[Round "6.30"]
[White "Moraga Vasquez, Michael"]
[Black "Conde, Carmen"]
[Result "0-1"]
[WhiteElo "1008"]
[BlackElo "1188"]
[PlyCount "54"]

1. e4 e5 2. Nf3 d6 3. Bc4 h6 4. Nc3 c6 5. d4 exd4 6. Qxd4 Nf6 7. e5 Nfd7 8. e6
fxe6 9. Bxe6 c5 10. Qd5 Nf6 11. Bf7+ Kd7 12. Ne5+ Kc7 13. Qc4 dxe5 14. O-O Nc6
15. Nb5+ Kb8 16. Re1 b6 17. Be3 a6 18. Rad1 Bd7 19. Nd6 b5 20. Qxc5 Ra7 21. Qc3
Rc7 22. Bb6 Bxd6 23. Rxd6 Qe7 24. Bxc7+ Kxc7 25. Rxf6 gxf6 26. Bh5 Rg8 27. Qa5+
Nxa5 0-1

[Event "Tournoi Skype 029B"]
[Site "Skype"]
[Date "????.??.??"]
[Round "6.31"]
[White "Llabres, Sergio"]
[Black "Huerta Lopez, Cesar Rogelio"]
[Result "1-0"]
[WhiteElo "1187"]
[BlackElo "1000"]
[PlyCount "131"]

1. d4 d5 2. Nf3 Nf6 3. e3 e6 4. a3 Be7 5. b3 O-O 6. Bb2 Nbd7 7. Bd3 Bd6 8. Ne5
c5 9. O-O Ne4 10. Nd2 Qf6 11. Bxe4 Nxe5 12. dxe5 Bxe5 13. Bxe5 Qxe5 14. Bd3 b6
15. Nf3 Qf6 16. Be2 Bb7 17. Re1 Rad8 18. Qd3 d4 19. e4 Qf4 20. Bd1 Rfe8 21. Nd2
e5 22. Bf3 Bc6 23. Rad1 Rd6 24. g3 Qf6 25. Bg2 g6 26. a4 Rb8 27. Nc4 Rdd8 28.
Na3 Rd7 29. c3 Rdb7 30. cxd4 cxd4 31. Rc1 b5 32. axb5 Bxb5 33. Nxb5 Rxb5 34.
Rb1 a6 35. Qc2 Rd8 36. Bf1 Rbb8 37. Qa2 d3 38. Rbd1 Qb6 39. Rxd3 Rxd3 40. Bxd3
a5 41. Bc4 Rb7 42. Rd1 Kg7 43. Rd5 Re7 44. Rxa5 Qd4 45. Bd5 Qd1+ 46. Kg2 Rc7
47. Bc4 Qd4 48. Qb1 Rc6 49. Rd5 Qc3 50. Rd3 Qb4 51. Qc1 Rf6 52. Qc3 Qc5 53. Re3
g5 54. b4 Qb6 55. b5 Qc5 56. Qb3 g4 57. Bd5 Rf3 58. Rxf3 gxf3+ 59. Kxf3 Qd4 60.
b6 h5 61. b7 Qd2 62. Qe3 Qb4 63. Kg2 Kf8 64. Qg5 Ke8 65. Qxe5+ Kd8 66. b8=Q+
1-0

[Event "Tournoi Skype 029B"]
[Site "Skype"]
[Date "????.??.??"]
[Round "6.32"]
[White "Linares Vernet, Ana"]
[Black "Pantaleon, Julio"]
[Result "0-1"]
[WhiteElo "1171"]
[BlackElo "1000"]
[PlyCount "82"]

1. d4 Nf6 2. Nf3 d5 3. Bf4 e6 4. e3 Nc6 5. Ne5 Bd6 6. a3 a6 7. Nd2 Bd7 8. Ndf3
h6 9. Nxc6 Bxc6 10. Be5 O-O 11. c3 Nh7 12. Bd3 f5 13. Bxd6 Qxd6 14. Ne5 Rf6 15.
f4 Nf8 16. O-O Be8 17. Be2 Qe7 18. Qe1 Ng6 19. Rf2 Nxe5 20. dxe5 Rf8 21. Bf3 c5
22. b3 b5 23. a4 bxa4 24. bxa4 Rb8 25. Qd1 c4 26. Be2 Rb3 27. Qe1 Bc6 28. Bd1
Rb7 29. Rb2 Rfb8 30. Rxb7 Qxb7 31. g3 Qb2 32. Bf3 Rb3 33. Qc1 Qxc3 34. Qxc3
Rxc3 35. Kf2 Rb3 36. g4 g6 37. h4 Rb2+ 38. Kf1 c3 39. g5 hxg5 40. fxg5 c2 41.
Rc1 Rb1 0-1

[Event "Tournoi Skype 029B"]
[Site "Skype"]
[Date "????.??.??"]
[Round "6.33"]
[White "Balci Gungor, Ayca"]
[Black "Abate, Luigi"]
[Result "0-1"]
[WhiteElo "1000"]
[BlackElo "1169"]
[PlyCount "36"]

1. e4 e5 2. Bc4 Bc5 3. d3 Nf6 4. Nc3 d6 5. Be3 Na6 6. Nf3 Ng4 7. Bxc5 Nxc5 8.
O-O O-O 9. Nd5 c6 10. Nb4 a5 11. h3 axb4 12. hxg4 Bxg4 13. Qd2 Bxf3 14. gxf3 b5
15. Bb3 Ne6 16. c3 Nf4 17. cxb4 Qh4 18. Rfc1 Qh3 0-1

[Event "Tournoi Skype 029B"]
[Site "Skype"]
[Date "????.??.??"]
[Round "6.34"]
[White "Lima Santana, Claudia"]
[Black "Busto, Ricardo"]
[Result "0-1"]
[WhiteElo "1000"]
[BlackElo "1152"]
[PlyCount "74"]

1. e4 c5 2. d3 Nc6 3. Nd2 e5 4. g3 d6 5. Bg2 Nf6 6. Ngf3 Be7 7. O-O O-O 8. Re1
Be6 9. Qe2 Nd4 10. Qd1 Bg4 11. c3 Nxf3+ 12. Nxf3 b5 13. h3 Be6 14. Be3 Rc8 15.
Qd2 h6 16. b3 Qd7 17. Rac1 Bxh3 18. Bxh6 Bxg2 19. Kxg2 Nh5 20. Rh1 Qg4 21. Qe3
gxh6 22. Nh2 Qg6 23. d4 Bg5 24. Qe1 Bxc1 25. Qxc1 Nf4+ 26. Kg1 Ne2+ 27. Kg2
Nxc1 28. Rxc1 Qxe4+ 29. f3 Qe2+ 30. Kg1 Qe3+ 31. Kg2 Qxc1 32. dxe5 dxe5 33. a3
Qxc3 34. g4 Rfd8 35. Kg3 Qxb3 36. Kf2 Rd2+ 37. Kg1 Qb1+ 0-1

[Event "Tournoi Skype 029B"]
[Site "Skype"]
[Date "????.??.??"]
[Round "6.35"]
[White "Sosa, Aldo"]
[Black "Rivalta, Paolo"]
[Result "0-1"]
[WhiteElo "1000"]
[BlackElo "1142"]
[PlyCount "24"]

1. e4 e5 2. Nf3 Nc6 3. Nc3 Nf6 4. Bc4 h6 5. d4 exd4 6. Nxd4 Nxd4 7. Qxd4 d6 8.
O-O Be7 9. Re1 O-O 10. Nd5 c5 11. Nxe7+ Qxe7 12. Bf4 cxd4 0-1

[Event "Tournoi Skype 029B"]
[Site "Skype"]
[Date "????.??.??"]
[Round "6.36"]
[White "Barrionuevo, Hilario"]
[Black "Prieto, Jairo Ovidio"]
[Result "0-1"]
[WhiteElo "1132"]
[BlackElo "1000"]
[PlyCount "70"]

1. d4 d5 2. Bf4 Nc6 3. a3 e6 4. Nc3 Bd6 5. Bg3 Bxg3 6. hxg3 Nf6 7. Nf3 Ne4 8.
Rh4 f5 9. e3 Qf6 10. Bd3 g5 11. Bxe4 gxh4 12. Nxh4 fxe4 13. Qd2 a6 14. O-O-O
Bd7 15. f4 exf3 16. Nxf3 Na5 17. b3 O-O-O 18. Rf1 Rhf8 19. Nb1 Nc6 20. Qc3 Qg6
21. Nbd2 Qxg3 22. Rg1 h5 23. Nf1 Qg6 24. Ne5 Nxe5 25. dxe5 Rf7 26. Nd2 Rf2 27.
Rd1 Qxg2 28. e4 dxe4 29. Qd4 b6 30. Kb1 Bb5 31. Qc3 Rdxd2 32. Rxd2 Rxd2 33. Kc1
Rxc2+ 34. Qxc2 Qxc2+ 35. Kxc2 h4 0-1

[Event "Tournoi Skype 029B"]
[Site "Skype"]
[Date "????.??.??"]
[Round "6.37"]
[White "Mendoza Lainez, Ricardo Jose"]
[Black "Vincent, Andre"]
[Result "1/2-1/2"]
[WhiteElo "1137"]
[BlackElo "1377"]
[PlyCount "45"]

1. e4 d5 2. exd5 Qxd5 3. Nc3 Qd8 4. Nf3 Nf6 5. d4 c6 6. Bc4 e6 7. O-O Bd6 8.
Bg5 Nbd7 9. Bd3 h6 10. Bh4 Qc7 11. Bg3 Bxg3 12. fxg3 O-O 13. Nh4 Nb6 14. Ne4
Nxe4 15. Bxe4 Nd5 16. Qd3 f5 17. Ng6 Rf6 18. Bxf5 exf5 19. Ne5 Be6 20. a3 Raf8
21. Rae1 a6 22. c4 Ne7 23. Re3 1/2-1/2

[Event "Tournoi Skype 029B"]
[Site "Skype"]
[Date "????.??.??"]
[Round "6.39"]
[White "Hernandez, Enrique"]
[Black "Hargez, Dany"]
[Result "1-0"]
[WhiteElo "1128"]
[BlackElo "1296"]
[PlyCount "35"]

1. d4 d5 2. c4 Nf6 3. Nc3 Bf5 4. Nf3 e6 5. Bg5 Be7 6. Bxf6 Bxf6 7. e3 Nd7 8.
cxd5 exd5 9. Nxd5 Bxd4 10. Qxd4 Nf6 11. Nxf6+ Qxf6 12. Qxf6 gxf6 13. Rc1 c6 14.
Be2 Rg8 15. O-O h5 16. Nh4 Rg5 17. f4 Rg7 18. Nxf5 1-0

[Event "Tournoi Skype 029B"]
[Site "Skype"]
[Date "????.??.??"]
[Round "6.40"]
[White "Hernandez Monzon, Alejandro"]
[Black "Yanez, Leticia Jorgelina"]
[Result "1-0"]
[WhiteElo "1239"]
[BlackElo "1051"]
[PlyCount "45"]

1. d4 d5 2. c4 e6 3. Nc3 Nf6 4. a3 c5 5. e3 Be7 6. Nf3 b6 7. cxd5 exd5 8. Bd3
Nc6 9. O-O Bd7 10. h3 h5 11. b4 Be6 12. Bb5 Qd6 13. Ne5 O-O 14. Bxc6 Ne4 15.
Nxe4 dxe4 16. Bxe4 f6 17. Qxh5 fxe5 18. Qh7+ Kf7 19. Bg6+ Kf6 20. Be4 exd4 21.
Qg6+ Ke5 22. f4+ Rxf4 23. exf4# 1-0

[Event "Tournoi Skype 029B"]
[Site "Skype"]
[Date "????.??.??"]
[Round "6.41"]
[White "Santamaria Garcia, Jesus"]
[Black "Chavez Cruz, Isidro"]
[Result "0-1"]
[WhiteElo "1041"]
[BlackElo "1190"]
[PlyCount "67"]

1. d4 Nf6 2. c4 d5 3. Nc3 e6 4. Nf3 Bb4 5. Bd2 Nc6 6. a3 Bxc3 7. Bxc3 Ne4 8.
Nd2 Nxc3 9. bxc3 O-O 10. cxd5 exd5 11. e4 Qe7 12. Bd3 Qg5 13. exd5 Ne7 14. O-O
Ng6 15. c4 f5 16. Nf3 Qf6 17. Re1 c6 18. dxc6 bxc6 19. Rb1 Nf4 20. g3 Nxd3 21.
Qxd3 f4 22. Rb3 fxg3 23. fxg3 a5 24. Rf1 a4 25. Rc3 Bf5 26. Qe2 Rad8 27. Nh4
Qxd4+ 28. Qe3 Bg4 29. Rxf8+ Kxf8 30. Qxd4 Rxd4 31. c5 Ke7 32. Re3+ Kf6 33. Kf2
Rc4 34. Rf3+ 0-1

[Event "Tournoi Skype 029B"]
[Site "Skype"]
[Date "????.??.??"]
[Round "6.42"]
[White "Nakamura, Seiichi"]
[Black "Martin, Jean-Claude"]
[Result "1-0"]
[WhiteElo "1005"]
[BlackElo "1184"]
[PlyCount "73"]

1. d4 e5 2. dxe5 Nc6 3. Nf3 Qe7 4. Nc3 Nxe5 5. Nxe5 Qxe5 6. e4 Bb4 7. Bd3 Bxc3+
8. bxc3 Qxc3+ 9. Bd2 Qe5 10. O-O Nf6 11. f4 Qd4+ 12. Kh1 Nxe4 13. Bxe4 Qxe4 14.
Re1 Qxe1+ 15. Qxe1+ Kf8 16. Bb4+ d6 17. Rd1 Bf5 18. c4 Re8 19. Qd2 Re6 20. Re1
Ke7 21. c5 Rd8 22. cxd6+ cxd6 23. Rxe6+ Bxe6 24. Qe3 Kd7 25. Qxa7 Bd5 26. h3
Rc8 27. Qd4 Rc4 28. Qb2 Rxf4 29. a3 f6 30. Qd2 Rf5 31. Kh2 Ke6 32. g4 Re5 33.
a4 g5 34. a5 h6 35. Bc3 Re4 36. Bxf6 Kxf6 37. Qxd5 1-0

[Event "Tournoi Skype 029B"]
[Site "Skype"]
[Date "????.??.??"]
[Round "6.43"]
[White "Parrales, Rodolfo"]
[Black "Torres, Vicky"]
[Result "1-0"]
[WhiteElo "1171"]
[BlackElo "1020"]
[PlyCount "115"]

1. e4 e5 2. Nf3 d6 3. d4 Nc6 4. dxe5 dxe5 5. Qxd8+ Kxd8 6. Bc4 Nf6 7. Ng5 Ke7
8. Nxf7 Rg8 9. Nxe5 Rh8 10. Nxc6+ bxc6 11. O-O Be6 12. Bb3 Kf7 13. Nc3 Bc5 14.
Be3 Bb4 15. e5 Ng4 16. Bxe6+ Kxe6 17. Bd4 c5 18. a3 cxd4 19. Nb5 Ba5 20. Nxd4+
Kxe5 21. Nc6+ Ke6 22. Nxa5 Rab8 23. h3 Ne5 24. Rfe1 Kf6 25. f4 Nd7 26. b4 Rb5
27. Nc6 Rh5 28. Re7 Nb6 29. Rae1 Nd5 30. R1e6+ Kf5 31. Re5+ Kg6 32. Rd7 Nxf4
33. Ne7+ Kf6 34. Rxh5 Nxh5 35. Rxc7 Ra8 36. Nc6 a6 37. Na7 Nf4 38. Rc6+ Kg5 39.
Rxa6 h5 40. b5 Ne2+ 41. Kf2 Nd4 42. Nc6 Rf8+ 43. Ke3 Nxb5 44. Ra5 Rf5 45. c4
Nd6 46. Rxf5+ Nxf5+ 47. Kf2 Nd6 48. Ne5 Kf6 49. Nd7+ Ke7 50. Nb6 Ke6 51. a4 Nb7
52. Kg3 g5 53. h4 Kf5 54. Nd7 Nd6 55. hxg5 Kxg5 56. a5 Nxc4 57. a6 h4+ 58. Kh3
1-0

[Event "Tournoi Skype 029B"]
[Site "Skype"]
[Date "????.??.??"]
[Round "6.44"]
[White "Rosenkoetter, David"]
[Black "Talwalkar, Omkar Sameer"]
[Result "0-1"]
[WhiteElo "1165"]
[BlackElo "1000"]
[PlyCount "121"]

1. e4 e5 2. Nf3 Nc6 3. Bb5 a6 4. Ba4 Nf6 5. O-O Bc5 6. c3 O-O 7. Re1 d6 8. h3
Nh5 9. d4 exd4 10. Bxc6 bxc6 11. cxd4 Bb6 12. e5 dxe5 13. Nxe5 Nf6 14. Be3 Nd5
15. Bc1 Qf6 16. Na3 Nf4 17. Bxf4 Qxf4 18. Nc2 Qg5 19. Qf3 Bf5 20. Rac1 Rfe8 21.
Ne3 Bg6 22. Nxc6 Be4 23. Qg4 Qxg4 24. Nxg4 Bxc6 25. Ne5 Bb7 26. Red1 f6 27. Nc4
Ba7 28. Na5 Bd5 29. a3 Re2 30. b4 Ra2 31. Rc3 Re8 32. Rxc7 Bb6 33. Rd7 Ba8 34.
Nc4 Bd8 35. d5 Rae2 36. Ne3 Bb6 37. d6 Bxe3 38. fxe3 Rxg2+ 39. Kf1 Rh2 40. Re7
Rxe7 41. dxe7 Kf7 42. Rd7 Bc6 43. Rc7 Bb5+ 44. Kg1 Rxh3 45. e4 Rxa3 46. e8=Q+
Kxe8 47. Rxg7 Rb3 48. Rxh7 Rxb4 49. Rh6 Kf7 50. Rh4 a5 51. Rf4 a4 52. Kg2 Bd3
53. Rf2 Bxe4+ 54. Kg3 a3 55. Rd2 Rb2 56. Rd1 a2 57. Rd7+ Ke6 58. Ra7 Bd5 59.
Ra6+ Ke5 60. Ra3 Rb3+ 61. Rxb3 0-1

[Event "Tournoi Skype 029B"]
[Site "Skype"]
[Date "????.??.??"]
[Round "6.45"]
[White "Scata, Laura"]
[Black "Colangelo, Michele"]
[Result "1-0"]
[WhiteElo "1366"]
[BlackElo "1000"]
[PlyCount "43"]

1. d4 d5 2. Bf4 Nc6 3. e3 e6 4. Nf3 Bd6 5. Ne5 Nxe5 6. dxe5 Bc5 7. Nd2 Ne7 8.
Nb3 Bb6 9. Nd4 O-O 10. c3 Bd7 11. Be2 Nc6 12. O-O a6 13. Qc2 g6 14. a3 Qe7 15.
Rfd1 Na5 16. c4 Qe8 17. b3 c5 18. Nf3 Bd8 19. Bh6 Be7 20. cxd5 exd5 21. Qc3 Nc6
22. e6 1-0

[Event "Tournoi Skype 029B"]
[Site "Skype"]
[Date "????.??.??"]
[Round "6.46"]
[White "Ibanez, Bittor"]
[Black "Elvira Sanchez, Adalberto"]
[Result "1-0"]
[WhiteElo "1330"]
[BlackElo "1000"]
[PlyCount "55"]

1. e4 d5 2. e5 c5 3. c3 e6 4. Nf3 Nc6 5. d4 cxd4 6. Nxd4 Nge7 7. Bb5 Bd7 8. Nf3
a6 9. Bxc6 Bxc6 10. Bg5 g6 11. Bf6 Rg8 12. O-O Bg7 13. Bxg7 Rxg7 14. Nd4 Qd7
15. Qf3 O-O-O 16. Nd2 Bb5 17. Rfc1 f5 18. N2b3 g5 19. Nc5 Qe8 20. Ncxe6 g4 21.
Nxg7 Qf8 22. Qf4 Qxg7 23. Nxf5 Nxf5 24. Qxf5+ Bd7 25. e6 Be8 26. e7+ Bd7 27.
exd8=Q+ Kxd8 28. Qxd5 1-0

[Event "Tournoi Skype 029B"]
[Site "Skype"]
[Date "????.??.??"]
[Round "6.47"]
[White "Le Bouill, Pierre"]
[Black "Fuentes, Francisco"]
[Result "1-0"]
[WhiteElo "1252"]
[BlackElo "1000"]
[PlyCount "101"]

1. e4 e5 2. Nf3 Nc6 3. Bc4 Bc5 4. d3 a6 5. Ng5 Qf6 6. Qf3 h6 7. Nh3 Nd4 8. Qxf6
Nxf6 9. Bb3 O-O 10. O-O d6 11. Nc3 Nxb3 12. axb3 c6 13. Be3 Bb4 14. Ne2 d5 15.
c3 Bd6 16. f4 Nh5 17. Nf2 Bg4 18. Nxg4 exf4 19. Bxf4 Nxf4 20. Nxf4 Bc5+ 21. d4
Bd6 22. exd5 cxd5 23. Nxd5 Rfe8 24. Rae1 f5 25. Rxe8+ Rxe8 26. Rxf5 Re1+ 27.
Kf2 Re4 28. h3 Re6 29. Rf3 h5 30. Nge3 Rg6 31. Rf5 Bg3+ 32. Ke2 h4 33. Ne7+ Kh7
34. Nxg6 Kxg6 35. Rf3 Bd6 36. Nf5 Bc7 37. g3 Kf6 38. Nxh4+ Ke6 39. Ng6 Kd5 40.
g4 Ke4 41. Rf7 Bg3 42. Rxg7 b5 43. Rf7 Bd6 44. Ne7 Bg3 45. Nf5 Bf4 46. Ng7 Bd6
47. Nh5 Kd5 48. g5 a5 49. g6 b4 50. g7 Ke6 51. g8=Q 1-0

[Event "Tournoi Skype 029B"]
[Site "Skype"]
[Date "????.??.??"]
[Round "6.50"]
[White "Ruiz Gomez, Luz Alba"]
[Black "Ladeia Pereira, Geraldo"]
[Result "1-0"]
[WhiteElo "1190"]
[BlackElo "1000"]
[PlyCount "77"]

1. c4 c5 2. Nc3 e6 3. g3 d5 4. Bg2 Nf6 5. e3 Nc6 6. cxd5 exd5 7. d3 Be6 8. Nge2
Qd6 9. O-O O-O-O 10. d4 c4 11. Rb1 Nb4 12. Nb5 Qb6 13. Qa4 a5 14. a3 Nc6 15.
Nec3 Kd7 16. Bd2 Ke8 17. Rbd1 Be7 18. Bc1 Kf8 19. Rd2 Bf5 20. Qd1 Bd3 21. Re1
g6 22. Qf3 Kg7 23. Qf4 Rd7 24. Rdd1 Na7 25. Nxa7 Qxa7 26. Bh3 Rdd8 27. Nb5 Qa6
28. Nc3 Qc6 29. Bg2 Nh5 30. Qg4 f5 31. Qf3 Rhf8 32. g4 fxg4 33. Qxg4 Rf5 34. e4
Nf6 35. Qh4 Rh5 36. Qf4 dxe4 37. Bxe4 Nxe4 38. Nxe4 Rxd4 39. Qf3 1-0

[Event "Tournoi Skype 029B"]
[Site "Skype"]
[Date "????.??.??"]
[Round "6.51"]
[White "Rodriguez, Nathalie"]
[Black "Herrera, Oscar"]
[Result "1/2-1/2"]
[WhiteElo "1167"]
[BlackElo "1000"]
[PlyCount "91"]

1. d4 d5 2. Bf4 e6 3. Nc3 Nf6 4. Nb5 Bd6 5. Bg3 a6 6. Nxd6+ cxd6 7. e3 Nc6 8.
c3 O-O 9. Bd3 e5 10. dxe5 dxe5 11. Bc2 e4 12. Ne2 Re8 13. O-O Bf5 14. h3 Rc8
15. Nd4 Nxd4 16. cxd4 b5 17. Be5 h6 18. f3 Rc6 19. fxe4 Bxe4 20. Bxe4 dxe4 21.
Qe1 Nh5 22. Qf2 Rf8 23. Qf5 Nf6 24. Rf2 Qd7 25. Qf4 Qe6 26. Raf1 Nd7 27. Qg3
Nxe5 28. dxe5 Qxa2 29. Qf4 a5 30. Qxe4 Qe6 31. Rf3 Rc7 32. Rg3 g6 33. Rf4 Rc4
34. Qf3 Rxf4 35. Qxf4 f5 36. Qxh6 Kf7 37. Qh7+ Ke8 38. Rxg6 Qxe5 39. Rg7 Qxe3+
40. Kh1 Qe1+ 41. Kh2 Qe5+ 42. g3 Qe2+ 43. Kh1 Qe1+ 44. Kg2 Qe4+ 45. Kh2 Qe2+
46. Kh1 1/2-1/2

[Event "Tournoi Skype 029B"]
[Site "Skype"]
[Date "????.??.??"]
[Round "6.53"]
[White "Tolaro, Filippa"]
[Black "Molina, Maria Lucia"]
[Result "1-0"]
[WhiteElo "1086"]
[BlackElo "1000"]
[PlyCount "23"]

1. Nf3 d6 2. d4 e5 3. dxe5 Nc6 4. e3 Bg4 5. Be2 Nh6 6. exd6 cxd6 7. b3 Be7 8.
Bb2 O-O 9. Qd3 f5 10. O-O Qe8 11. Qc3 Qh5 12. Qxg7# 1-0

[Event "Tournoi Skype 029B"]
[Site "Skype"]
[Date "????.??.??"]
[Round "6.54"]
[White "Crocioni, Luca"]
[Black "Parravano, Luca"]
[Result "1-0"]
[WhiteElo "1068"]
[BlackElo "1000"]
[PlyCount "45"]

1. e4 d6 2. d4 e5 3. dxe5 dxe5 4. Qxd8+ Kxd8 5. Nf3 Bd6 6. Nc3 Nf6 7. Be3 Nbd7
8. Bb5 c6 9. Be2 h6 10. O-O-O Bc7 11. h3 Ke7 12. g4 b5 13. g5 Ng8 14. a3 hxg5
15. Bxg5+ f6 16. Be3 Kf7 17. h4 a5 18. b3 b4 19. axb4 axb4 20. Na4 Ba6 21.
Rxd7+ Ne7 22. Bxa6 Ra7 23. Bxa7 1-0

[Event "Tournoi Skype 029B"]
[Site "Skype"]
[Date "????.??.??"]
[Round "6.55"]
[White "Dib, Catherine"]
[Black "Souza, Jeferson De Oliveira"]
[Result "1-0"]
[WhiteElo "1052"]
[BlackElo "1000"]
[PlyCount "59"]

1. Nf3 d5 2. g3 Nf6 3. Bg2 Nc6 4. d4 Bg4 5. Nbd2 e6 6. a3 Bd6 7. c4 Qe7 8. c5
Bxg3 9. hxg3 Bxf3 10. Bxf3 Nxd4 11. Bg2 Qxc5 12. O-O Ng4 13. e4 h5 14. b3 dxe4
15. Nxe4 Qe5 16. Bb2 c5 17. b4 b6 18. Re1 Qf5 19. Nd6+ Ke7 20. Nxf5+ Kf6 21.
Nxd4 cxd4 22. Bxd4+ e5 23. Bc3 Rad8 24. Qf3+ Kg6 25. Bxe5 f6 26. Bc3 Kg5 27.
Re7 h4 28. Rxg7+ Kh5 29. Qxg4+ Kh6 30. Qg6# 1-0

[Event "Tournoi Skype 029B"]
[Site "Skype"]
[Date "????.??.??"]
[Round "6.56"]
[White "Schllosser, Marcos Antonio"]
[Black "Gomez Zuluaga, Jorge Adiel"]
[Result "0-1"]
[WhiteElo "1000"]
[BlackElo "1036"]
[PlyCount "86"]

1. d4 d5 2. Nf3 e6 3. Bf4 Bd6 4. Bg3 Nc6 5. e3 Nf6 6. Nbd2 Bd7 7. c3 Na5 8. Bd3
a6 9. b3 b5 10. e4 Qe7 11. Qe2 Nc4 12. bxc4 bxc4 13. Bc2 Rb8 14. O-O c5 15. e5
cxd4 16. exf6 gxf6 17. cxd4 Bb5 18. Rab1 Rg8 19. Qd3 Rc8 20. Qxh7 Kf8 21. Qh4
c3 22. Nb3 Bxf1 23. Rxf1 Ba3 24. Qh5 Qb4 25. Qh6+ Ke7 26. Re1 Rh8 27. Qe3 Bb2
28. Qe2 Qa3 29. Nc1 Bxc1 30. Qd3 Bb2 31. Bb1 a5 32. Ng5 fxg5 33. Qa6 Qa4 34.
Qb7+ Qd7 35. Qa6 c2 36. Bxc2 Rxc2 37. Qxa5 Rc1 38. Qd2 Rxe1+ 39. Qxe1 Bxd4 40.
Qd1 Rc8 41. Bf4 gxf4 42. Qxd4 Rc1+ 43. Qd1 Rxd1# 0-1

[Event "Tournoi Skype 029B"]
[Site "Skype"]
[Date "????.??.??"]
[Round "6.57"]
[White "Rodriguez Tovar, Liliana"]
[Black "Strydom, Brett"]
[Result "0-1"]
[WhiteElo "1036"]
[BlackElo "1000"]
[PlyCount "70"]

1. d4 c5 2. e3 e6 3. c3 d5 4. Bd3 Nf6 5. Nf3 Nbd7 6. Nbd2 Bd6 7. O-O c4 8. Bc2
Nb6 9. e4 O-O 10. e5 Bc7 11. exf6 Qxf6 12. Ne5 Nd7 13. Ndf3 h6 14. Re1 Qe7 15.
Bxh6 Nxe5 16. Nxe5 gxh6 17. Qg4+ Qg5 18. Qxg5+ hxg5 19. Re3 b5 20. Rg3 f6 21.
Ng6 Bxg3 22. hxg3 Re8 23. f4 Kg7 24. fxg5 fxg5 25. Rf1 a5 26. Ne5 Rf8 27. Rxf8
Kxf8 28. a3 b4 29. cxb4 axb4 30. axb4 Ra2 31. Ng6+ Kg7 32. Ne7 Rxb2 33. Bd1 Rb1
34. Nxc8 Rxd1+ 35. Kf2 c3 0-1

[Event "Tournoi Skype 029B"]
[Site "Skype"]
[Date "????.??.??"]
[Round "6.62"]
[White "Bellati, Fabio"]
[Black "Vasquez Donaire, Ivis Godofredo"]
[Result "1-0"]
[WhiteElo "1000"]
[BlackElo "1000"]
[PlyCount "45"]

1. c4 e5 2. Nc3 Nc6 3. g3 Nf6 4. Bg2 Bc5 5. Nf3 Bxf2+ 6. Kxf2 Ng4+ 7. Ke1 O-O
8. h4 Qe7 9. Bh3 Nf6 10. Kf2 Qc5+ 11. Kg2 Qxc4 12. d3 Qb5 13. Nxb5 a6 14. Nc3
b5 15. e4 b4 16. Nd5 Nxd5 17. exd5 Ne7 18. Nxe5 Nxd5 19. Bf5 Bb7 20. Kh2 d6 21.
Qg4 dxe5 22. Bh6 Nf4 23. Qxg7# 1-0

[Event "Tournoi Skype 029B"]
[Site "Skype"]
[Date "????.??.??"]
[Round "6.63"]
[White "Swanepoel, Karel"]
[Black "Lachin, Roberto"]
[Result "0-1"]
[WhiteElo "1088"]
[BlackElo "1000"]
[PlyCount "54"]

1. e4 e5 2. Nf3 Nc6 3. Bb5 Nf6 4. O-O Nxe4 5. d4 a6 6. Ba4 Be7 7. d5 b5 8. dxc6
bxa4 9. Nxe5 O-O 10. Qd5 Nf6 11. Qc4 d6 12. Nd7 Bxd7 13. cxd7 Qxd7 14. Re1 d5
15. Qd4 c5 16. Qd1 d4 17. c3 d3 18. b3 a3 19. Bxa3 Qd6 20. c4 Rae8 21. Re3 Qd4
22. Nd2 Ng4 23. Nf3 Nxe3 24. Nxd4 Nxd1 25. Rxd1 Bg5 26. Nf3 d2 27. Nxg5 Re1+
0-1

[Event "Tournoi Skype 029B"]
[Site "Skype"]
[Date "????.??.??"]
[Round "6.64"]
[White "Achicanoy, Yolanda"]
[Black "Molina Porfirio, Renatta"]
[Result "0-1"]
[WhiteElo "1000"]
[BlackElo "1000"]
[PlyCount "92"]

1. e4 c5 2. c4 d6 3. Nc3 a6 4. Nf3 h6 5. h3 Nf6 6. Bd3 Nbd7 7. O-O e6 8. Bc2
Be7 9. d3 e5 10. Nh4 O-O 11. Qf3 Qb6 12. Qg3 Re8 13. Nf5 Bf8 14. Bxh6 g6 15.
Bxf8 Nxf8 16. Nh6+ Kg7 17. Qg5 Re7 18. Rae1 Qxb2 19. Bd1 Qxc3 20. f4 N8h7 21.
Qh4 Qd4+ 22. Kh2 Qxd3 23. f5 Qxc4 24. Be2 Qxa2 25. Bf3 a5 26. fxg6 fxg6 27. Rd1
Rd7 28. Bg4 Nxg4+ 29. hxg4 d5 30. g5 dxe4 31. Rf7+ Rxf7 32. Nxf7 Qxf7 33. Qh6+
Kh8 34. Rd8+ Qg8 35. Rxg8+ Kxg8 36. Qxg6+ Kh8 37. Qe8+ Kg7 38. g6 Kh6 39. g4
Ng5 40. Kg3 e3 41. Kh4 Nf3+ 42. Kg3 e2 43. Qxe5 Nxe5 44. g7 e1=Q+ 45. Kf4 Kxg7
46. Kg5 Bxg4 0-1

[Event "Tournoi Skype 029B"]
[Site "Skype"]
[Date "????.??.??"]
[Round "6.65"]
[White "Martins, Rodrigo Baldo"]
[Black "Cunha Pires, Odsel Jorge Geronimo"]
[Result "1-0"]
[WhiteElo "1000"]
[BlackElo "1000"]
[PlyCount "99"]

1. e4 c5 2. Nf3 d6 3. d4 cxd4 4. Nxd4 Nf6 5. Nc3 g6 6. Bb5+ Bd7 7. Bc4 Nc6 8.
O-O Bg7 9. Nf3 O-O 10. Re1 Rc8 11. e5 dxe5 12. Nd5 Na5 13. Bd3 Nxd5 14. c4 Nb4
15. Be4 Nxc4 16. Bxb7 Rc7 17. Ba6 Nxa6 18. Bg5 e4 19. Nd4 Bxd4 20. Qxd4 f6 21.
Qd5+ e6 22. Qxe4 Bc6 23. Qxe6+ Rff7 24. Bf4 Bd5 25. Qxa6 Qe7 26. Rxe7 Rcxe7 27.
Rd1 Be6 28. Rd8+ Rf8 29. Rd4 Nxb2 30. Bc1 Nc4 31. a4 Bd7 32. f3 Re1+ 33. Kf2
Rxc1 34. Rxd7 Ne5 35. Qe6+ Kh8 36. Qe7 Rc2+ 37. Kg3 Nxd7 38. Qxd7 Rcc8 39. Qxa7
Rce8 40. Qc5 h5 41. Kh4 Kh7 42. Qc7+ Kg8 43. g4 Rf7 44. Qc4 g5+ 45. Kxh5 Ree7
46. f4 Kh7 47. fxg5 Rg7 48. gxf6 Ref7 49. fxg7 Rxg7 50. Qd3+ 1-0